Природа эффекта Ребиндера при разрушении горных пород; Нефтяное хозяйство; № 11

Detalles Bibliográficos
Parent link:Нефтяное хозяйство: научно-технический производственный журнал.— , 1925-1940, 1946-.— 0028-2448
№ 11.— 2011.— С. 38-40
Autor Principal: Евсеев В. Д. Виктор Дмитриевич
Summary:Традиционное объяснение природы эффекта П. А. Ребиндера, предложенное в 1928 г., не претерпело изменений до настоящего времени. Между тем исследования свежеобразованных поверхностей диэлектрических минералов, проводившиеся в течение последних десятилетий, показали, что возникающие при разрушении диэлектрические поверхности не являются электронейтральными, в полостях трещин возникают сильные электрические поля, свидетельствующие о большой энергоемкости проходящих в полости трещин процессов: трещину можно рассматривать в качестве ускорителя электронов высоких энергий. Однако это явление не учитывалось для понимания природы эффекта П. А. Ребиндера. В результате надежды буровиков на увеличение механической скорости бурения введением понизителей твердости изначально были обречены. Не наука, а их практическая деятельность заставила отказаться от попыток увеличения механической скорости бурения таким способом. Задача сегодняшнего дня - получение информации с забоя бурящейся скважины с помощью релаксационных токов
Idioma:ruso
Publicado: 2011
Subjects:
Formato: MixedMaterials Capítulo de libro
KOHA link:https://koha.lib.tpu.ru/cgi-bin/koha/opac-detail.pl?biblionumber=505280

MARC

LEADER 00000naa2a2200000 4500
001 505280
005 20231101102952.0
035 |a (RuTPU)RU\TPU\prd\176097 
090 |a 505280 
100 |a 20130419a2011 k y0rusy50 ca 
101 0 |a rus 
102 |a RU 
200 1 |a Природа эффекта Ребиндера при разрушении горных пород  |f В. Д. Евсеев 
320 |a Библиогр.: 9 назв. 
330 |a Традиционное объяснение природы эффекта П. А. Ребиндера, предложенное в 1928 г., не претерпело изменений до настоящего времени. Между тем исследования свежеобразованных поверхностей диэлектрических минералов, проводившиеся в течение последних десятилетий, показали, что возникающие при разрушении диэлектрические поверхности не являются электронейтральными, в полостях трещин возникают сильные электрические поля, свидетельствующие о большой энергоемкости проходящих в полости трещин процессов: трещину можно рассматривать в качестве ускорителя электронов высоких энергий. Однако это явление не учитывалось для понимания природы эффекта П. А. Ребиндера. В результате надежды буровиков на увеличение механической скорости бурения введением понизителей твердости изначально были обречены. Не наука, а их практическая деятельность заставила отказаться от попыток увеличения механической скорости бурения таким способом. Задача сегодняшнего дня - получение информации с забоя бурящейся скважины с помощью релаксационных токов 
461 1 |0 (RuTPU)RU\TPU\prd\1638  |x 0028-2448  |t Нефтяное хозяйство  |o научно-технический производственный журнал  |d 1925-1940, 1946- 
463 1 |0 (RuTPU)RU\TPU\prd\127960  |t № 11  |v С. 38-40  |d 2011 
610 1 |a труды учёных ТПУ 
700 1 |a Евсеев  |b В. Д.  |c горный инженер  |c профессор Томского политехнического университета  |f 1947-  |g Виктор Дмитриевич  |2 stltpush  |3 (RuTPU)RU\TPU\pers\26127 
801 1 |a RU  |b 63413507  |c 20130419 
801 2 |a RU  |b 63413507  |c 20131028  |g RCR 
942 |c BK